Maintaining small-farm equipment : (Record no. 19100)
[ view plain ]
| 000 -LEADER | |
|---|---|
| fixed length control field | 00574cam a22001938i 4500 |
| 020 ## - INTERNATIONAL STANDARD BOOK NUMBER | |
| ISBN | 9781612125275 |
| 020 ## - INTERNATIONAL STANDARD BOOK NUMBER | |
| ISBN | 1612125271 |
| 040 ## - CATALOGING SOURCE | |
| Transcribing agency | AGL |
| 082 00 - DEWEY DECIMAL CLASSIFICATION NUMBER | |
| Classification number | 631 BKK 1994 C161 Or. |
| 100 1# - MAIN ENTRY--AUTHOR NAME | |
| Personal name | Hansen, Ann Larkin |
| 245 10 - TITLE STATEMENT | |
| Title | Maintaining small-farm equipment : |
| Remainder of title | how to keep tractors and implements running well / |
| 246 30 - VARYING FORM OF TITLE | |
| Title proper/short title | How to keep tractors and implements running well |
| 300 ## - PHYSICAL DESCRIPTION | |
| Number of Pages | 108 pages : |
| Other physical details | illustrations ; |
| Dimensions | 18 cm |
| 650 #0 - SUBJECT ADDED ENTRY--TOPICAL TERM | |
| Topical Term | Farm equipment |
| 650 #0 - SUBJECT ADDED ENTRY--TOPICAL TERM | |
| Topical Term | Tractors |
| 650 #0 - SUBJECT ADDED ENTRY--TOPICAL TERM | |
| Topical Term | Agricultural implements |
| 700 1# - ADDED ENTRY--PERSONAL NAME | |
| Personal name | Hansen, Steve, |
| 942 ## - ADDED ENTRY ELEMENTS (KOHA) | |
| Koha item type | ADB |
| 952 ## - LOCATION AND ITEM INFORMATION (KOHA) | |
| Withdrawn status [LOCAL, KOHA] | 0 |
| Source of acquisition | Permanent Location | Date acquired | Koha item type | Lost status | Shelving location | Current Location | Full call number |
|---|---|---|---|---|---|---|---|
| A33522 | Library Block C | 2020-03-11 | សៀវភៅភាសាអង់គ្លេស | C161 | Library Block C | 631 BKK 1994 C161 Or. |